000 01208nam a2200325 i 4500
003 EG-GICUC
005 20260222073847.0
008 260222s1987 fr ||||fr|||| 00| 0 fre d
020 _a2275009140
040 _aEG-GiCUC
_bfre
_cEG-GiCUC
_dEG-GiCUC
_eRda
041 0 _afre
082 0 4 _221
_a341.8
_bVA . O
092 0 4 _221
099 _aLaw1 12 341.8 VA . O1987
100 1 _aVassilakakis, Evangelos
_eAuteur
245 1 0 _aOrientations Méthodologiques Dans Les Codifications Récentes Du Droit International Privé En Europe /
_cPar Evangelos Vassilakakis; Préface De Paul Lagarde.
264 1 _aParis :
_bLibrairie Générale De Droit Et De Jurisprudence,
_c1987.
300 _a514 page,
_c 20 cm.
_billustration ;
336 _2rda contenu
_a texte
337 _2rda medias
_aOrdinateur
338 _2 transporteur rda
_a Ressource en ligne
490 _aBibliotheque De Droit Privé
_vTome Cxcv
504 _aComprend des références bibliographiques.
546 _aTexte en français
650 1 4 _aDroit international privé
700 1 _aLagarde, De Paul
_ePréfacier
856 4 0 _uhttps://fll.law.cu.edu.eg/fulltext/bks/B12-02322.pdf
905 _a48
942 _2ddc
_cBK
_e21
_n0
999 _c63966
_d63966